[Event "Mechanics' Litowsky TNM; 30/90, SD/30"]
[Site "San Francisco"]
[Date "2011.08.16"]
[Round "3.4"]
[White "Wong, Russell"]
[Black "Grey, Peter"]
[Result "0-1"]
[WhiteElo "2202"]
[BlackElo "2005"]
[PlyCount "80"]
[EventDate "2011.??.??"]

1. d4 Nf6 2. c4 g6 3. Nc3 d5 4. Bg5 Ne4 5. Nxe4 dxe4 6. e3 Bg7 7. Ne2 c5 8. Qd2
Qb6 9. Rd1 Nc6 10. d5 Ne5 11. Nc3 Nd3+ 12. Bxd3 exd3 13. O-O h6 14. Bh4 g5 15.
Bg3 O-O 16. Na4 Qa6 17. b3 b6 18. Qxd3 Bd7 19. Nc3 Qa5 20. Rc1 Rfc8 21. a4 Qb4
22. Nb1 a6 23. f4 b5 24. fxg5 hxg5 25. Be1 bxc4 26. Rxc4 Qb6 27. h4 Qh6 28.
hxg5 Qxg5 29. Bc3 e5 30. e4 Rab8 31. Bd2 Qg6 32. Rf3 Rb6 33. Rg3 Qh5 34. Be3
Bg4 35. Nd2 Be2 36. Qc2 Bxc4 37. Nxc4 Rg6 38. Rxg6 Qxg6 39. Na5 Bh6 40. Bxc5
Be3+ 0-1

[Event "Mechanics' Litowsky TNM; 30/90, SD/30"]
[Site "San Francisco"]
[Date "2011.09.27"]
[Round "9.4"]
[White "Wong, Russell"]
[Black "Jones, James"]
[Result "1-0"]
[WhiteElo "2202"]
[BlackElo "2078"]
[Annotator "Donaldson"]
[PlyCount "59"]
[EventDate "2011.??.??"]

1. e4 g6 2. d4 d6 3. Nf3 Bg7 4. Nc3 Nf6 5. g3 O-O 6. Bg2 c5 7. O-O cxd4 8. Nxd4
Bg4 9. f3 Bd7 10. Be3 Nc6 11. Qe2 Ne5 12. Nd5 Rc8 13. b3 Nxd5 14. exd5 b5 $6
15. h3 g5 16. Nxb5 (16. Bxg5 Qb6 17. Be3 Nc4 $11) 16... Bxb5 17. Qxb5 Rxc2 18.
Rfc1 Qc7 19. Bxg5 Qc3 $6 20. Qf1 (20. Rxc2 Qxa1+ 21. Qf1) 20... Nd3 $2 21. Rxc2
Qxc2 22. Rd1 Qc5+ 23. Kh2 Nb4 24. Bxe7 Re8 25. Bg5 Nxa2 26. f4 Nc3 27. Rd3 Qb6
28. f5 Be5 29. Bf4 f6 $4 30. Bxe5 1-0

[Event "Mechanics' Litowsky TNM; 30/90, SD/30"]
[Site "San Francisco"]
[Date "2011.08.30"]
[Round "5.5"]
[White "Wong, Russell"]
[Black "Todortsev, Victor"]
[Result "1-0"]
[WhiteElo "2202"]
[BlackElo "1920"]
[PlyCount "109"]
[EventDate "2011.??.??"]

1. e4 e5 2. Nf3 Nc6 3. Bb5 a6 4. Ba4 Nf6 5. O-O Be7 6. Re1 d6 7. c3 Bg4 8. h3
Bh5 9. d3 O-O 10. Be3 Qd7 11. Nbd2 b5 12. Bc2 Rad8 13. Nf1 Rfe8 14. Ng3 Bg6 15.
b4 d5 16. Qb1 d4 17. cxd4 exd4 18. Bd2 Bd6 19. a4 Bxg3 20. fxg3 Ne5 21. Nxe5
Rxe5 22. Bf4 Re6 23. axb5 axb5 24. g4 Rde8 25. Ra7 Nd5 26. Bg3 Qe7 27. exd5
Rxe1+ 28. Qxe1 Qxe1+ 29. Bxe1 Rxe1+ 30. Kf2 Re8 31. Rxc7 f6 32. d6 Kf8 33. Rc5
Rd8 34. Rd5 Ke8 35. Rxd4 Kd7 36. Bd1 Ke6 37. Bb3+ Kd7 38. Ke3 Re8+ 39. Kd2 --
40. Bd1 Re6 41. Kc3 Re1 42. Bf3 Rc1+ 43. Kd2 Rc8 44. g5 f5 45. g4 Rf8 46. Rf4
Kxd6 47. Be4 Ke5 48. Ke3 Re8 49. gxf5 Bh5 50. Rh4 g6 51. f6 Ke6 52. Bc6 Rb8 53.
Re4+ Kf5 54. h4 h6 55. Bd7# 1-0

[Event "Mechanics' Litowsky TNM; 30/90, SD/30"]
[Site "San Francisco"]
[Date "2011.09.20"]
[Round "8.3"]
[White "Wong, Russell"]
[Black "Traub, Igor"]
[Result "1/2-1/2"]
[WhiteElo "2202"]
[BlackElo "2119"]
[PlyCount "95"]
[EventDate "2011.??.??"]

1. e4 e5 2. Nf3 Nc6 3. Bb5 a6 4. Ba4 Nf6 5. O-O Be7 6. Re1 b5 7. Bb3 O-O 8. c3
d6 9. d3 Bg4 10. h3 Bh5 11. Nbd2 Na5 12. Nf1 Nxb3 13. axb3 Nd7 14. Ng3 Bg6 15.
b4 c5 16. Bd2 cxb4 17. cxb4 Nb6 18. Qb3 Kh8 19. Rec1 f6 20. Ra5 d5 21. Be3 dxe4
22. Bxb6 Qxb6 23. dxe4 Rac8 24. Raa1 Rxc1+ 25. Rxc1 Qd6 26. Rc5 Qb6 27. Rc1 Rd8
28. Nh4 Rd2 29. Rc8+ Bd8 30. Nxg6+ hxg6 31. Nh1 Kh7 32. Qf7 Qd4 33. Ra8 Qd7 34.
Qxd7 Rxd7 35. Rxa6 Rd4 36. Ng3 Rxb4 37. Rd6 Be7 38. Rd2 Bc5 39. Kf1 Bd4 40. Ke2
Bxb2 41. f3 Bc3 42. Rc2 Bd4 43. Kd2 Kh6 44. Ne2 Bb6 45. Kc3 Rc4+ 46. Kb2 Rxc2+
47. Kxc2 Kg5 48. g3 {remainder illegible} 1/2-1/2

[Event "Mechanics' Litowsky TNM; 30/90, SD/30"]
[Site "San Francisco"]
[Date "2011.08.30"]
[Round "5.18"]
[White "Yamamoto, Craig"]
[Black "Allen, Tom"]
[Result "1-0"]
[WhiteElo "1608"]
[BlackElo "1551"]
[PlyCount "67"]
[EventDate "2011.??.??"]

1. c4 e5 2. Nc3 Nf6 3. e4 Bb4 4. Nge2 Nc6 5. a3 Bxc3 6. Nxc3 Nd4 7. d3 c6 8. f4
Qc7 9. Be3 c5 10. g3 d6 11. f5 Bd7 12. g4 h6 13. h3 Qa5 14. Kf2 Rb8 15. Rg1 b5
16. Bxd4 cxd4 17. b4 Qd8 18. Nxb5 Bxb5 19. cxb5 Rxb5 20. Qa4 Qb6 21. Be2 Ke7
22. Rgc1 Nxe4+ 23. dxe4 d3+ 24. Kf3 dxe2 25. Kxe2 Qb7 26. Rc4 Rb6 27. Rac1 Kf6
28. Ke3 Ra6 29. Qb3 Qb6+ 30. Kf3 Qb8 31. Rc7 Rf8 32. Rxf7+ Rxf7 33. Qe6+ Kg5
34. Qg6+ 1-0

[Event "Mechanics' Litowsky TNM; 30/90, SD/30"]
[Site "San Francisco"]
[Date "2011.08.09"]
[Round "2.7"]
[White "de Lenea, Digne"]
[Black "Krasnov, Steven"]
[Result "0-1"]
[WhiteElo "1886"]
[BlackElo "1983"]
[PlyCount "120"]
[EventDate "2011.??.??"]

1. d4 Nf6 2. c4 e6 3. Nc3 d5 4. Bg5 c6 5. e3 h6 6. Bh4 Nbd7 7. Nf3 Bd6 8. c5
Bc7 9. Bg3 O-O 10. Be2 Re8 11. O-O e5 12. b4 e4 13. Bxc7 Qxc7 14. Nd2 Nf8 15.
Nb3 Ng6 16. b5 Bd7 17. a4 Qc8 18. Na5 Qc7 19. Nb3 Nh4 20. Rb1 Rab8 21. b6 axb6
22. cxb6 Qxb6 23. Nc5 Qc7 24. Nxd7 Nxd7 25. Qc2 Qd6 26. a5 Qg6 27. g3 Nf3+ 28.
Bxf3 exf3 29. Qxg6 fxg6 30. Rb2 Nf6 31. Rfb1 Re7 32. Rb6 Ra8 33. Ra1 Kf7 34. h3
h5 35. Kf1 Rc7 36. Ke1 Ke7 37. h4 Ra7 38. Nb1 Nd7 39. Rb2 c5 40. Nc3 cxd4 41.
Nxd5+ Kd6 42. Nxc7 Kxc7 43. exd4 Kc6 44. Rc1+ Kd6 45. Rb5 Nf6 46. Rcc5 Ra8 47.
Rb6+ Ke7 48. Rxb7+ Kd6 49. Rb6+ Kd7 50. a6 Ng4 51. Rd5+ Kc7 52. Rb7+ Kc6 53.
Rc5+ Kd6 54. Rb6+ Kd7 55. d5 Re8+ 56. Re6 Rb8 57. a7 Rb1+ 58. Kd2 Ra1 59. Rxg6
Nxf2 60. Rc1 Ra3 {Both players quit keeping score at move 61. White is winning
at this point but later blundered and lost.} 0-1

[Event "Mechanics' Litowsky TNM; 30/90, SD/30"]
[Site "San Francisco"]
[Date "2011.09.27"]
[Round "9.14"]
[White "de Lenea, Digne"]
[Black "Poling, Scott"]
[Result "0-1"]
[WhiteElo "1886"]
[BlackElo "1632"]
[PlyCount "120"]
[EventDate "2011.??.??"]

1. d4 e6 2. c4 Nf6 3. Nf3 c5 4. d5 b5 5. b3 Bb7 6. Nc3 b4 7. Na4 exd5 8. cxd5
Bxd5 9. e3 Be7 10. Be2 O-O 11. O-O Bc6 12. Bb2 d6 13. Qc2 Be4 14. Bd3 Bxd3 15.
Qxd3 Nc6 16. Rac1 Rc8 17. Rfd1 Ne8 18. Qf5 Qc7 19. Ng5 Bxg5 20. Qxg5 Qe7 21.
Qg3 f6 22. Rd5 Qf7 23. Rcd1 Ne5 24. f4 Ng6 25. e4 Ne7 26. R5d2 Qg6 27. Qe3 Nc6
28. e5 fxe5 29. fxe5 Qe6 30. Re2 Nxe5 31. Bxe5 Qxe5 32. Qxe5 dxe5 33. Rxe5 c4
34. bxc4 Rxc4 35. Re7 Rc2 36. Rde1 Rxa2 37. Nc5 Nf6 38. Rb7 Re8 39. Rxe8+ Nxe8
40. Rxb4 a5 41. Rb8 Kf7 42. Rb7+ Kf6 43. Ra7 h6 44. h3 h5 45. h4 g5 46. hxg5+
Kxg5 47. Kh2 Nf6 48. Ne6+ Kh4 49. Rf7 Ng4+ 50. Kg1 Ra1+ 51. Rf1 Rxf1+ 52. Kxf1
Kg3 53. Nd4 Ne3+ 54. Ke2 Nd5 55. Kf1 Nc3 56. Nf5+ Kf4 57. Nd4 a4 58. Kf2 Ne4+
59. Ke2 Kg3 60. Ke3 Nc5 0-1

[Event "Mechanics' Litowsky TNM; 30/90, SD/30"]
[Site "San Francisco"]
[Date "2011.08.23"]
[Round "4.7"]
[White "de Lenea, Digne"]
[Black "Runyon, Mike"]
[Result "0-1"]
[WhiteElo "1886"]
[BlackElo "1971"]
[PlyCount "55"]
[EventDate "2011.??.??"]

1. d4 Nf6 2. c4 d6 3. Nc3 Bf5 4. f3 e5 5. dxe5 dxe5 6. Qxd8+ Kxd8 7. e4 Be6 8.
Bg5 c6 9. f4 exf4 10. Bxf4 Bb4 11. Bd3 Bxc3+ 12. bxc3 h6 13. Rb1 Nbd7 14. Bd6
Re8 15. Kd2 Kc8 16. e5 Ng4 17. Nf3 Nf2 18. Rhe1 Nxd3 19. Kxd3 Bf5+ 20. Kd4 Bxb1
21. Rxb1 f6 22. exf6 Nxf6 23. Ne5 b6 24. c5 Kb7 25. cxb6 axb6 26. Nc4 b5 27.
Kd3 Ka6 28. Ne5 0-1

[Event "Mechanics' Litowsky TNM; 30/90, SD/30"]
[Site "San Francisco"]
[Date "2011.09.13"]
[Round "7.11"]
[White "de Lenea, Digne"]
[Black "Salvo, Tab"]
[Result "1/2-1/2"]
[WhiteElo "1886"]
[BlackElo "1661"]
[PlyCount "110"]
[EventDate "2011.??.??"]

1. d4 d6 2. c4 e5 3. d5 f5 4. Nc3 Nf6 5. Qc2 Be7 6. e4 f4 7. g3 fxg3 8. hxg3
O-O 9. Bd2 Na6 10. a3 Nc5 11. O-O-O a6 12. b4 Ncd7 13. Nf3 a5 14. Ng5 Nb6 15.
b5 Bd7 16. Be2 Qc8 17. Rh2 h6 18. Ne6 Bxe6 19. dxe6 Qxe6 20. Nd5 Bd8 21. Bxh6
Ng4 22. Bxg4 Qxg4 23. Be3 Nd7 24. Rdh1 c6 25. Qd3 Qe6 26. Nc3 Nc5 27. Bxc5 dxc5
28. Rh8+ Kf7 29. Rxf8+ Kxf8 30. Rh8+ Ke7 31. bxc6 bxc6 32. Na4 Qd6 33. Qe3 Kf7
34. Qf3+ Qf6 35. Qh5+ Ke7 36. Nxc5 Kd6 37. Nb7+ Kc7 38. Nc5 Qg5+ 39. f4 Qxh5
40. Rxh5 exf4 41. gxf4 Be7 42. Ne6+ Kd7 43. Nxg7 Bxa3+ 44. Kc2 Bf8 45. Rh8 a4
46. f5 a3 47. Rxf8 Rxf8 48. Kb3 Ra8 49. Ka2 Ra5 50. f6 Re5 51. Nf5 Ke6 52. Nh6
Rxe4 53. f7 Ke7 54. Kxa3 Rxc4 55. Kb3 {
This position is a win for Black. For example,} -- (55... Rf4 56. Kc3 Ke6 57.
Kd3 Kd5 58. Ke3 Rf6 59. Ng4 Rxf7 $19) 1/2-1/2